000 00279nam a22001097a 4500
008 180806b xxu||||| |||| 00| 0 eng d
082 _a813.52
245 _aEpidemiology and Prevention of Vaccine-Preventable Disease
_cCDC
260 _c2010
300 _a5
_fCD
942 _2ddc
_cMX
999 _c46807
_d46807